• 首页
  • 本馆介绍
  • 公告通知
  • 最新文献
  • 馆藏检索
  • 电子资源
  • 读者导购
  • 参考咨询
  • 我的图书馆
  • 登录
  • 详细信息显示
  • 放入我的书架
  • 预约/预借图书
  • 作者相关作品
  • 分类相关作品
  • 丛书相关作品
  • 出版社相关作品

书目信息

  • 表格格式
  • 工作单格式
  • 卡片格式
书名: The courtesan's jewel box
作者: translated by Yang Xianyi and Gladys Yang.
分册号:
分册名:
出版地: Beijing :
 
出版社: Foreign Languages Press
出版时间: 1981.
页数: vi, 520 p. :
开本: 21 cm.
丛书名:
中图分类号:
科图分类号:
其他分类号: H319.4
主题词:
电子资源:
000 00481nam 22000169i 450
001 0200023724
005 20070210164501.32
008 991204m1981 u y a 000 1a
041    @aeng
090    @aI242.3
090    @aH319.4
099    @dH319.4@ex239
100 1  @aYang@cXianyi.
245 10 @aThe courtesan's jewel box / @ctranslated by Yang Xianyi and Gladys Yang.
260 1  @aBeijing :@bForeign Languages Press,@c1981.
300    @avi, 520 p. :@bill. ;@c21 cm.
700 1  @aYang@cGladys.
    
    The courtesan's jewel box / / translated by Yang Xianyi and Gladys Yang.-Beijing : : Foreign Languages Press, , 1981.
    vi, 520 p. : : ill. ; ; 21 cm.
    
    
    ISBN
    
●
相关链接 在E读中查询图书 在五车中查询图书 在当当中查询图书 在豆瓣中查询图书


正题名:The courtesan's jewel box     索取号:H319.4/x239         预约/预借

序号 登录号 条形码 馆藏地/架位号 状态 备注
1 47691   001431105   第四借阅区/ [索取号:H319.4/x239] 在馆    
唐山师范学院图书馆 欢迎您!
大连网信软件有限公司© 版权所有